| 000 | 01678nam a2200241Ia 4500 | ||
|---|---|---|---|
| 003 | Ost | ||
| 005 | 20260507075044.0 | ||
| 008 | 260507s9999||||xx |||||||||||||| ||und|| | ||
| 020 | _a9775433436 | ||
| 040 | _cfsecg | ||
| 041 | _aara | ||
| 082 | _a330 | ||
| 100 |
_aحماد، طارق عبد العال _eمؤلف |
||
| 245 | 0 |
_aإدارة المخاطر "أفراد - إدارات - شركات - بنوك" / _c طارق عبد العال حماد |
|
| 260 |
_aالاسكندرية: _bالدار الجامعية, _c2003 |
||
| 300 |
_a562 صفحة؛ _bإيضاحات ؛ _c24 سم |
||
| 504 | _aببلوغرافيا ص.551 | ||
| 520 | _aإدارة المخاطر:الجنس البشري والمخاطرة،حل إدارة المخاطر،قرارات إدارة المخاطر،تقييم ومراجعة برامج إدارة المخاطر،أهداف إدارة المخاطر،تحديد المخاطر،إدارة المخاطر في البنوك:البيئة المصرفية وتطور المخاطر،مخاطرة الائتمان،المخاطرة الائتمانية المرتبطة بالمعاملات المصرفية،المخاطرة الائتمانية لأدوات السوق،تقييم طلبات القروض التجارية،إدارة مخاطر الاستثمار:مخاطر الاستثمار في الأوراق المالية،مقدمة في تقدير قيمة الأوراق المالية،تحليل الشركة واختيار الأسهم،المشتقات المالية كأداة للتحوط ضد المخاطر | ||
| 653 | _aادارة الأعمال | ||
| 653 | _aالبنوك | ||
| 653 | _aالقروض | ||
| 942 | _cكتاب | ||
| 999 |
_c42548 _d42548 |
||